00605nam a2200145Ia 4500008004100000050002500041100003300066245008500099260008600184300002800270521002700298942000700325999001900332952010800351140724s9999 xx 000 0 und d aQA 76.5b.Ar661 2009 aAramburo, Andrew Angelo Ong. aAutomated inventory system for Aramco Auto Supply /cAndrew Angelo Ong Aramburo. aLas Piñas, Philippines :bSouthville International School and Colleges,cc2009. a56 p. :bill. ;c28 cm. aInformation Technology cTH c229250d229250 001040aCLbCLcTHESESd2014-07-24l0oQA 76.5 .Ar661 2009pT0604r2017-03-23 00:00:00w2014-07-24yTH